[Event "Avoine op 21th"]
[Site "Avoine"]
[Date "2006.07.24"]
[Round "3"]
[White "Eckert, Patrick"]
[Black "Ollier, Pablo"]
[Result "0-1"]
[WhiteElo "1610"]
[BlackElo "2045"]
[PlyCount "30"]
[EventDate "2006.07.22"]
[EventType "swiss"]
[EventRounds "9"]
[EventCountry "FRA"]
[SourceTitle "EXT 2007"]
[Source "ChessBase"]
[SourceDate "2006.11.23"]
[SourceVersion "1"]
[SourceVersionDate "2006.11.23"]
[SourceQuality "1"]

1. c4 Nf6 2. Nc3 e6 3. g3 Bb4 4. Bg2 0-0 5. Qb3 c5 6. e4 Nc6 7. d3 Qa5 8. Bd2 d5 9. Nge2 Ne5 10. Nc1 dxc4 11. dxc4 Nfd7 12. f4 Nc6 13. 0-0 Nd4 14. Qd1 Nb6 15. b3 Bxc3 0-1